[Event "FIN-ch Seniors 2019"]
[Site "Helsinki"]
[Date "2019.06.13"]
[Round "4.6"]
[White "Koskinen, Veikko"]
[Black "Terasalo, Kari"]
[Result "1/2-1/2"]
[WhiteElo "1866"]
[BlackElo "1780"]
[Annotator "NA RC"]
[PlyCount "39"]
[EventDate "2019.06.10"]
[EventType "swiss"]
[EventCountry "FIN"]
[SourceTitle "playchess.com"]
[Source "ChessBase"]
[SourceQuality "1"]
[TimeControl "40/5400+30:1800+30"]

1. f4 {[%emt 1:30:30]} c5 {[%emt 1:30:30]} 2. Nf3 {[%emt 0:00:30]} Nc6 {
[%emt 0:00:30]} 3. g3 {[%emt 0:00:30]} Nf6 {[%emt 0:00:30]} 4. Bg2 {[%emt 0:00:
30]} d5 {[%emt 0:00:30]} 5. O-O {[%emt 0:00:30]} Bf5 {[%emt 0:00:30]} 6. d3 {
[%emt 0:00:30]} e6 {[%emt 0:00:30]} 7. c3 {[%emt 0:00:30]} Bd6 {[%emt 0:00:30]}
8. Na3 {[%emt 0:00:30]} a6 {[%emt 0:00:30]} 9. Nc2 {[%emt 0:00:30]} d4 {
[%emt 0:00:30]} 10. e4 {[%emt 0:00:30]} dxe3 {[%emt 0:00:30]} 11. Nxe3 {
[%emt 0:00:30]} O-O {[%emt 0:00:30]} 12. Ne5 {[%emt 0:00:30]} Nxe5 13. fxe5
Bxe5 14. Nxf5 exf5 15. Rf2 f4 16. Rxf4 Qc7 17. Rf5 Rae8 {[%emt 0:03:00]} 18.
Qf3 Qd6 {[%emt 0:00:30]} 19. Bg5 h6 {[%emt 0:00:30]} 20. Rd1 1/2-1/2

[Event "FIN-ch Seniors 2019"]
[Site "Helsinki"]
[Date "2019.06.13"]
[Round "4.7"]
[White "Sorri, Kari Juhani"]
[Black "Patola, Eero"]
[Result "0-1"]
[WhiteElo "2184"]
[BlackElo "1853"]
[Annotator "TA"]
[PlyCount "79"]
[EventDate "2019.06.10"]
[EventType "swiss"]
[EventCountry "FIN"]
[SourceTitle "playchess.com"]
[Source "ChessBase"]
[SourceQuality "1"]

{[%evp 14,79,23,0,15,12,16,14,54,50,60,76,87,63,55,84,181,137,271,35,216,212,
297,302,295,264,409,230,323,291,268,160,143,148,117,0,0,0,0,0,0,0,0,0,0,-20,0,
-256,-274,-260,0,-385,-385,-379,-377,-552,-545,-573,-573,-541,-535,-818,-809,
-7593,-7292,-6583,-6293,-4927]} 1. e4 c5 2. Nf3 e6 3. d4 cxd4 4. Nxd4 a6 5. Be2
Nf6 6. Nc3 Qc7 7. O-O Nc6 8. Nb3 Bb4 {B47: Sicilian: Taimanov: 5 Nc3 Qc7 6 f4,
6 g3 and 6 Be2} (8... b5 9. a3 Bb7 10. f4 d6 11. Bf3 Be7 12. Be3 O-O 13. Qe1
Rac8 14. Qg3 b4 15. axb4 Nxb4 16. Rf2 d5 17. e5 Nd7 18. Kh1 Kh8 19. Re1 Nb6 20.
f5 Qd8 21. f6 gxf6 22. exf6 Bxf6 {1-0 (53) Perez Mitjans,O (2396)-Morros Faura,
R (2245) Barcelona 2018}) 9. Bd3 O-O 10. f4 b5 $146 {The position is equal.} ({
Predecessor:} 10... d6 11. g4 b5 12. g5 Nd7 13. Qh5 g6 14. Qh6 Qb6+ 15. Kh1 Bb7
16. Rf3 {0-1 (52) Franco Valencia,A (2054)-Chirivi Castiblanco,J (2168) Cali
2008}) 11. e5 Bxc3 12. bxc3 Nd5 13. Ba3 $36 {[%mdl 2048] White has some
pressure.} b4 14. cxb4 h6 (14... Ncxb4 $16 15. Qd2 a5) 15. b5 Ncb4 (15... axb5
$16 16. Bxf8 Kxf8) 16. Qe1 $2 (16. Be4 $18 {Strongly threatening Bxb4.} Bb7 17.
Qd2) 16... a5 $2 (16... Qb6+ $1 $14 17. Qf2 Qxf2+ 18. Rxf2 Nxd3 19. cxd3 Re8)
17. Qe4 $18 {[%csl Gd3][%cal Re4h7]} g6 (17... Qa7+ $142 18. Kh1 f5 19. exf6
Nxf6) 18. c4 Qa7+ 19. Kh1 Ne3 (19... Nc3 {might work better.} 20. Qe1 Nxd3 21.
Qxc3 Nf2+ 22. Rxf2 Qxf2 23. Bxf8 Kxf8) 20. Rf3 (20. Bxb4 $142 Bb7 21. Bc5 Bxe4
22. Bxe4) 20... Ng4 (20... Nf5 {was called for.} 21. Qe1 Bb7) 21. Bxb4 axb4 22.
Qd4 (22. c5 $18) 22... Qxd4 $16 23. Nxd4 Bb7 {[#]} 24. Rg3 ({White must play} 
24. Be2 $1 $16) 24... Nf2+ $1 $11 25. Kg1 Nxd3 26. Rxd3 Rfc8 27. Nb3 Rxc4 28.
Rxd7 Bd5 {Threatens to win with ...Rc2.} 29. b6 Rc2 {Hoping for ...Rb8.} 30.
Nd4 $2 {[%mdl 8192]} (30. Rd1 $11 {and White stays safe.}) 30... Rxg2+ $19 31.
Kf1 {Rxd5! is the strong threat.} Rd2 $2 {[#]} (31... Rxh2 $19 {And now ...
Rh1+ would win.} 32. Rxd5 Rh1+ 33. Kf2 Rxa1) 32. b7 $2 {[%mdl 8192] [#]} (32.
Rxd5 $1 $11 {[%mdl 512]} exd5 33. Nc6) 32... Bxb7 $1 {[%mdl 576] Deflection}
33. Rxb7 Rxd4 {[%mdl 4096] Endgame KRR-KRR} 34. Ke2 (34. f5 {is a better
defense.} gxf5 35. Ke2) 34... Rxf4 {Black is clearly winning.} 35. Ke3 g5 36.
Rd7 Ra3+ 37. Ke2 b3 {[%cal Bb4b3,Bb3a2][%mdl 32]} 38. Rd3 Rxa2+ 39. Rxa2 bxa2
40. Ra3 {Accuracy: White = 28%, Black = 44%.} 0-1

[Event "FIN-ch Seniors 2019"]
[Site "Helsinki"]
[Date "2019.06.14"]
[Round "5.1"]
[White "Auvinen, Esa"]
[Black "Aakio, Seppo"]
[Result "1/2-1/2"]
[WhiteElo "1899"]
[BlackElo "2051"]
[Annotator "NA"]
[PlyCount "43"]
[EventDate "2019.06.10"]
[EventType "swiss"]
[EventCountry "FIN"]
[SourceTitle "playchess.com"]
[Source "ChessBase"]
[SourceQuality "1"]
[TimeControl "40/5400+30:1800+30"]

1. e4 {[%emt 0:00:00]} d6 {[%emt 0:00:00]} 2. d4 {[%emt 0:00:00]} Nd7 {[%emt 0:
00:02]} 3. Nf3 {[%emt 0:00:33]} e5 {[%emt 0:00:09]} 4. Nc3 {[%emt 0:00:50]}
Ngf6 {[%emt 0:01:26]} 5. Bc4 {[%emt 0:02:37]} Be7 {[%emt 0:01:38]} 6. O-O {
[%emt 0:01:56]} O-O {[%emt 0:00:10]} 7. Bb3 {[%emt 0:02:40]} c6 {[%emt 0:03:04]
} 8. a4 {[%emt 0:03:20]} a5 {[%emt 0:00:58]} 9. Qe2 {[%emt 0:00:58]} Qc7 {
[%emt 0:12:22]} 10. Rd1 {[%emt 0:02:25]} exd4 {[%emt 0:09:05]} 11. Nxd4 {
[%emt 0:03:14]} Nc5 {[%emt 0:00:12]} 12. Bc4 {[%emt 0:04:54]} Re8 {[%emt 0:10:
04]} 13. f3 {[%emt 0:06:39]} h6 {[%emt 0:02:03]} 14. Be3 {[%emt 0:03:03]} Bf8 {
[%emt 0:05:02]} 15. Qf2 {[%emt 0:03:16]} Nfd7 {[%emt 0:00:43]} 16. Ba2 {
[%emt 0:17:19]} Ne5 {[%emt 0:01:56]} 17. Qg3 {[%emt 0:03:26]} Kh7 {[%emt 0:02:
43]} 18. Nb3 {[%emt 0:04:14]} Be6 {[%emt 0:19:30]} 19. Nxc5 {[%emt 0:02:38]}
Bxa2 {[%emt 0:00:13]} 20. Nxa2 {[%emt 0:03:32]} dxc5 {[%emt 0:00:10]} 21. b3 {
[%emt 0:01:53]} f6 {[%emt 0:07:51]} 22. Nc3 {[%emt 0:02:01]} 1/2-1/2

[Event "FIN-ch Seniors 2019"]
[Site "Helsinki"]
[Date "2019.06.14"]
[Round "5.2"]
[White "Leukkunen, Raimo"]
[Black "Peltola, Leo"]
[Result "1/2-1/2"]
[WhiteElo "1876"]
[BlackElo "1933"]
[Annotator "NA"]
[PlyCount "43"]
[EventDate "2019.06.10"]
[EventType "swiss"]
[EventCountry "FIN"]
[SourceTitle "playchess.com"]
[Source "ChessBase"]
[SourceQuality "1"]
[TimeControl "40/5400+30:1800+30"]

1. e4 {[%emt 0:00:00]} c5 {[%emt 0:02:19]} 2. Nf3 {[%emt 0:00:12]} d6 {[%emt 0:
00:07]} 3. d4 {[%emt 0:00:39]} cxd4 {[%emt 0:00:09]} 4. Nxd4 {[%emt 0:00:09]}
Nf6 {[%emt 0:00:09]} 5. Nc3 {[%emt 0:00:07]} a6 {[%emt 0:00:10]} 6. Be2 {
[%emt 0:02:41]} e5 {[%emt 0:01:27]} 7. Nb3 {[%emt 0:02:34]} Be6 {[%emt 0:01:54]
} 8. O-O {[%emt 0:01:20]} Nbd7 {[%emt 0:02:20]} 9. Be3 {[%emt 0:02:06]} Be7 {
[%emt 0:01:02]} 10. a4 {[%emt 0:06:56]} O-O {[%emt 0:02:40]} 11. h3 {[%emt 0:
02:23]} Rc8 {[%emt 0:02:57]} 12. Qd2 {[%emt 0:04:14]} Qc7 {[%emt 0:06:01]} 13.
Rfd1 {[%emt 0:07:23]} Rfe8 {[%emt 0:17:39]} 14. Rac1 {[%emt 0:02:05]} Nb6 {
[%emt 0:07:05]} 15. a5 {[%emt 0:09:47]} Nc4 {[%emt 0:01:37]} 16. Bxc4 {[%emt 0:
01:44]} Qxc4 {[%emt 0:01:43]} 17. f3 {[%emt 0:02:25]} h6 {[%emt 0:05:29]} 18.
Qf2 {[%emt 0:06:06]} Kh7 {[%emt 0:08:23]} 19. Qf1 {[%emt 0:11:36]} Qc6 {
[%emt 0:04:18]} 20. Nd5 {[%emt 0:02:51]} Bxd5 {[%emt 0:01:36]} 21. exd5 {
[%emt 0:00:20]} Qc4 {[%emt 0:04:11]} 22. Qd3+ {[%emt 0:33:22]} 1/2-1/2

[Event "FIN-ch Seniors 2019"]
[Site "Helsinki"]
[Date "2019.06.14"]
[Round "5.3"]
[White "Hurme, Harri"]
[Black "Nyrhinen, Harri"]
[Result "1-0"]
[WhiteElo "2122"]
[BlackElo "2001"]
[Annotator "NA"]
[PlyCount "89"]
[EventDate "2019.06.10"]
[EventType "swiss"]
[EventCountry "FIN"]
[SourceTitle "playchess.com"]
[Source "ChessBase"]
[SourceQuality "1"]
[TimeControl "40/5400+30:1800+30"]

1. d4 {[%emt 0:00:00]} Nf6 {[%emt 0:00:00]} 2. c4 {[%emt 0:00:00]} c5 {[%emt 0:
00:00]} 3. d5 {[%emt 0:00:05]} e6 {[%emt 0:00:00]} 4. Nc3 {[%emt 0:00:08]} exd5
{[%emt 0:00:03]} 5. cxd5 {[%emt 0:00:05]} d6 {[%emt 0:00:07]} 6. Nf3 {[%emt 0:
00:27]} g6 {[%emt 0:00:19]} 7. Bf4 {[%emt 0:00:07]} a6 {[%emt 0:00:25]} 8. a4 {
[%emt 0:00:14]} Bg7 {[%emt 0:00:15]} 9. h3 {[%emt 0:00:12]} O-O {[%emt 0:01:28]
} 10. e3 {[%emt 0:00:16]} Qe7 {[%emt 0:06:10]} 11. Be2 {[%emt 0:04:18]} Nbd7 {
[%emt 0:09:49]} 12. O-O {[%emt 0:01:06]} Rb8 {[%emt 0:13:29]} 13. Bh2 {[%emt 0:
06:09]} Ne8 {[%emt 0:06:12]} 14. Nd2 {[%emt 0:04:59]} f5 {[%emt 0:03:44]} 15.
a5 {[%emt 0:04:48]} b5 {[%emt 0:13:08]} 16. axb6 {[%emt 0:00:20]} Rxb6 {
[%emt 0:00:09]} 17. Nc4 {[%emt 0:00:30]} Rb4 {[%emt 0:00:29]} 18. Qc2 {[%emt 0:
07:39]} Ndf6 {[%emt 0:13:38]} 19. Rfd1 {[%emt 0:10:56]} Ne4 {[%emt 0:07:32]}
20. Na4 {[%emt 0:03:44]} Bd7 {[%emt 0:01:39]} 21. Nab6 {[%emt 0:07:52]} Bb5 {
[%emt 0:02:04]} 22. f3 {[%emt 0:01:33]} Bxc4 {[%emt 0:02:45]} 23. Nxc4 {
[%emt 0:00:30]} Ng5 {[%emt 0:01:14]} 24. Rxa6 {[%emt 0:01:10]} Nf7 {[%emt 0:05:
14]} 25. Ra3 {[%emt 0:08:34]} Nf6 {[%emt 0:02:20]} 26. Bg3 {[%emt 0:05:20]} Nd7
{[%emt 0:03:54]} 27. Ra7 {[%emt 0:05:05]} Nfe5 {[%emt 0:03:31]} 28. Bxe5 {
[%emt 0:00:59]} Bxe5 {[%emt 0:00:18]} 29. f4 {[%emt 0:01:24]} Bg7 {[%emt 0:01:
13]} 30. Rda1 {[%emt 0:01:52]} Rfb8 {[%emt 0:01:00]} 31. R1a2 {[%emt 0:05:12]}
R8b7 {[%emt 0:01:33]} 32. Rxb7 {[%emt 0:02:17]} Rxb7 {[%emt 0:00:09]} 33. Ra6 {
[%emt 0:00:48]} Bxb2 {[%emt 0:01:27]} 34. Rxd6 {[%emt 0:03:34]} Bg7 {[%emt 0:
00:35]} 35. Re6 {[%emt 0:00:55]} Qd8 {[%emt 0:00:28]} 36. Bf3 {[%emt 0:00:48]}
Ra7 {[%emt 0:00:24]} 37. Kh2 {[%emt 0:01:14]} Qb8 {[%emt 0:01:02]} 38. d6 {
[%emt 0:02:17]} Ra6 {[%emt 0:00:34]} 39. Bd5 {[%emt 0:01:01]} Kf8 {[%emt 0:00:
23]} 40. Re7 {[%emt 0:01:20]} Rxd6 {[%emt 0:00:42]} 41. Rf7+ {[%emt 0:32:58]}
Ke8 {[%emt 0:04:09]} 42. Nxd6+ {[%emt 0:00:00]} Qxd6 {[%emt 0:00:18]} 43. Qa2 {
[%emt 0:00:00]} Nb6 {[%emt 0:04:43]} 44. Rxg7 {[%emt 0:00:00]} Qxd5 {[%emt 0:
00:58]} 45. Qa7 {[%emt 0:00:00]} 1-0

[Event "FIN-ch Seniors 2019"]
[Site "Helsinki"]
[Date "2019.06.14"]
[Round "5.4"]
[White "Visti, Heikki"]
[Black "Kivipelto, Kaj"]
[Result "0-1"]
[WhiteElo "2000"]
[BlackElo "2130"]
[Annotator "NA"]
[PlyCount "84"]
[EventDate "2019.06.10"]
[EventType "swiss"]
[EventCountry "FIN"]
[SourceTitle "playchess.com"]
[Source "ChessBase"]
[SourceQuality "1"]
[TimeControl "40/5400+30:1800+30"]

1. e4 {[%emt 1:30:30]} Nf6 {[%emt 1:30:30]} 2. e5 {[%emt 0:00:30]} Nd5 {
[%emt 0:00:30]} 3. d4 {[%emt 0:00:30]} d6 {[%emt 0:00:30]} 4. Nf3 {[%emt 0:00:
30]} g6 {[%emt 0:00:30]} 5. Bc4 {[%emt 0:00:30]} Nb6 {[%emt 0:00:30]} 6. Bb3 {
[%emt 0:00:30]} Bg7 {[%emt 0:00:30]} 7. O-O {[%emt 0:00:30]} O-O {[%emt 0:00:
30]} 8. h3 {[%emt 0:00:30]} Nc6 {[%emt 0:00:30]} 9. exd6 {[%emt 0:00:30]} Qxd6
{[%emt 0:00:30]} 10. c3 {[%emt 0:00:30]} Bf5 {[%emt 0:00:30]} 11. Bg5 {[%emt 0:
00:30]} Na5 {[%emt 0:00:30]} 12. Qe2 {[%emt 0:00:30]} Nxb3 {[%emt 0:00:30]} 13.
axb3 {[%emt 0:00:30]} Rfe8 {[%emt 0:00:30]} 14. Bh4 {[%emt 0:00:30]} Nd5 {
[%emt 0:00:30]} 15. Bg3 {[%emt 0:00:30]} Qb6 {[%emt 0:00:30]} 16. Nbd2 {
[%emt 0:00:30]} c5 {[%emt 0:00:30]} 17. dxc5 {[%emt 0:00:30]} Qxc5 {[%emt 0:00:
30]} 18. b4 {[%emt 0:00:30]} Qc8 {[%emt 0:00:30]} 19. Nc4 {[%emt 0:00:30]} Nf6
{[%emt 0:00:30]} 20. Nd4 {[%emt 0:00:30]} Be4 {[%emt 0:00:30]} 21. Ne5 {
[%emt 0:00:30]} Bd5 {[%emt 0:00:30]} 22. Rfd1 {[%emt 0:00:30]} Ne4 {[%emt 0:00:
30]} 23. Nb5 {[%emt 0:00:30]} Nxg3 {[%emt 0:00:30]} 24. fxg3 {[%emt 0:00:30]}
Be6 {[%emt 0:00:30]} 25. Nd4 {[%emt 0:00:30]} a6 {[%emt 0:00:30]} 26. Kh2 {
[%emt 0:00:30]} Bd5 {[%emt 0:00:30]} 27. Ra5 {[%emt 0:00:30]} b5 {[%emt 0:00:
30]} 28. Nxb5 {[%emt 0:00:30]} e6 {[%emt 0:00:30]} 29. Nd4 {[%emt 0:00:30]} Qc7
{[%emt 0:00:30]} 30. Nef3 {[%emt 0:00:30]} Bb7 {[%emt 0:00:30]} 31. Rc5 {
[%emt 0:00:30]} Qb6 {[%emt 0:00:30]} 32. Ne5 {[%emt 0:00:30]} Bd5 {[%emt 0:00:
30]} 33. Nec6 {[%emt 0:00:30]} Bf8 {[%emt 0:00:30]} 34. c4 {[%emt 0:00:30]}
Bxc6 {[%emt 0:00:30]} 35. Rxc6 {[%emt 0:00:30]} Qxb4 {[%emt 0:00:30]} 36. Rd3 {
[%emt 0:00:30]} Bg7 {[%emt 0:00:30]} 37. Rc7 {[%emt 0:00:30]} Qb6 {[%emt 0:00:
30]} 38. Rc6 {[%emt 0:00:30]} Qb7 {[%emt 0:00:30]} 39. Rd6 {[%emt 0:00:30]} e5
{[%emt 0:00:30]} 40. Rb3 {[%emt 0:00:30]} Qe7 {[%emt 0:00:30]} 41. Rdb6 {
[%emt 0:30:30]} exd4 {[%emt 0:30:30]} 42. Qf3 {[%emt 0:00:30]} Qe4 {[%emt 0:00:
30]} 0-1

[Event "FIN-ch Seniors 2019"]
[Site "Helsinki"]
[Date "2019.06.14"]
[Round "5.5"]
[White "Sihvonen, Tero"]
[Black "Ruotanen, Helge"]
[Result "1/2-1/2"]
[WhiteElo "1983"]
[BlackElo "1920"]
[Annotator "NA"]
[PlyCount "54"]
[EventDate "2019.06.10"]
[EventType "swiss"]
[EventCountry "FIN"]
[SourceTitle "playchess.com"]
[Source "ChessBase"]
[SourceQuality "1"]
[TimeControl "40/5400+30:1800+30"]

1. f4 {[%emt 0:00:00]} g6 {[%emt 0:00:18]} 2. e4 {[%emt 0:00:10]} Bg7 {[%emt 0:
00:14]} 3. Nf3 {[%emt 0:01:15]} Nc6 {[%emt 0:00:28]} 4. Bc4 {[%emt 0:01:49]}
Na5 {[%emt 0:08:41]} 5. Be2 {[%emt 0:01:51]} c5 {[%emt 0:00:03]} 6. O-O {
[%emt 0:01:15]} c4 {[%emt 0:04:25]} 7. Nc3 {[%emt 0:01:54]} b5 {[%emt 0:00:44]}
8. d4 {[%emt 0:04:55]} b4 {[%emt 0:01:31]} 9. Na4 {[%emt 0:00:47]} Nf6 {
[%emt 0:00:14]} 10. Ng5 {[%emt 0:19:05]} h6 {[%emt 0:05:37]} 11. Nxf7 {[%emt 0:
01:49]} Kxf7 {[%emt 0:00:03]} 12. e5 {[%emt 0:00:12]} Nd5 {[%emt 0:04:23]} 13.
f5 {[%emt 0:00:21]} g5 {[%emt 0:01:53]} 14. Bh5+ {[%emt 0:02:01]} Kg8 {[%emt 0:
00:09]} 15. c3 {[%emt 0:05:19]} d6 {[%emt 0:03:53]} 16. Bf3 {[%emt 0:11:36]}
Bb7 {[%emt 0:01:58]} 17. cxb4 {[%emt 0:06:34]} Nxb4 {[%emt 0:01:23]} 18. Bxb7 {
[%emt 0:00:20]} Nxb7 {[%emt 0:00:02]} 19. Qf3 {[%emt 0:14:52]} dxe5 {[%emt 0:
00:50]} 20. Qxb7 {[%emt 0:01:27]} Rb8 {[%emt 0:00:12]} 21. Qf3 {[%emt 0:01:33]}
exd4 {[%emt 0:00:48]} 22. Qe4 {[%emt 0:04:12]} Bf6 {[%emt 0:03:39]} 23. Qe6+ {
[%emt 0:01:10]} Kg7 {[%emt 0:03:55]} 24. Qxc4 {[%emt 0:00:28]} Qa5 {[%emt 0:01:
34]} 25. Nc5 {[%emt 0:00:51]} Rhc8 {[%emt 0:00:35]} 26. Ne6+ {[%emt 0:00:21]}
Kh7 {[%emt 0:00:04]} 27. Qe2 {[%emt 0:00:27]} Qb5 {[%emt 0:04:44]} 1/2-1/2

[Event "FIN-ch Seniors 2019"]
[Site "Helsinki"]
[Date "2019.06.14"]
[Round "5.6"]
[White "Terasalo, Kari"]
[Black "Lyly, Seppo"]
[Result "1/2-1/2"]
[WhiteElo "1780"]
[BlackElo "1907"]
[Annotator "NA"]
[PlyCount "40"]
[EventDate "2019.06.10"]
[EventType "swiss"]
[EventCountry "FIN"]
[SourceTitle "playchess.com"]
[Source "ChessBase"]
[SourceQuality "1"]
[TimeControl "40/5400+30:1800+30"]

1. e4 {[%emt 1:30:30]} c5 {[%emt 1:30:30]} 2. Nf3 {[%emt 0:00:30]} d6 {[%emt 0:
00:30]} 3. c3 {[%emt 0:00:30]} Nf6 {[%emt 0:00:30]} 4. d3 {[%emt 0:00:30]} Nc6
{[%emt 0:00:30]} 5. Bg5 {[%emt 0:00:30]} e6 {[%emt 0:00:30]} 6. Nbd2 {[%emt 0:
00:30]} Be7 {[%emt 0:00:30]} 7. Be2 {[%emt 0:00:30]} O-O {[%emt 0:00:30]} 8.
O-O {[%emt 0:00:30]} Rb8 {[%emt 0:00:30]} 9. Re1 {[%emt 0:00:30]} b5 {[%emt 0:
00:30]} 10. Rb1 {[%emt 0:00:30]} a5 {[%emt 0:00:30]} 11. d4 {[%emt 0:00:30]}
cxd4 {[%emt 0:00:30]} 12. cxd4 {[%emt 0:00:30]} Qb6 {[%emt 0:00:30]} 13. Be3 {
[%emt 0:00:30]} d5 {[%emt 0:00:30]} 14. e5 {[%emt 0:00:30]} Ng4 {[%emt 0:00:30]
} 15. Bf4 {[%emt 0:00:30]} Bd7 {[%emt 0:00:30]} 16. h3 {[%emt 0:00:30]} Nh6 {
[%emt 0:00:30]} 17. Bxh6 {[%emt 0:00:30]} gxh6 {[%emt 0:00:30]} 18. Nf1 {
[%emt 0:00:30]} Kh8 {[%emt 0:00:30]} 19. Qd2 {[%emt 0:00:30]} Rg8 {[%emt 0:00:
30]} 20. Qxh6 {[%emt 0:00:30]} Rg6 {[%emt 0:00:30]} 1/2-1/2

[Event "FIN-ch Seniors 2019"]
[Site "Helsinki"]
[Date "2019.06.14"]
[Round "5.7"]
[White "Patola, Eero"]
[Black "Koskinen, Veikko"]
[Result "0-1"]
[WhiteElo "1853"]
[BlackElo "1866"]
[Annotator "NA"]
[PlyCount "82"]
[EventDate "2019.06.10"]
[EventType "swiss"]
[EventCountry "FIN"]
[SourceTitle "playchess.com"]
[Source "ChessBase"]
[SourceQuality "1"]
[TimeControl "40/5400+30:1800+30"]

1. e4 {[%emt 0:00:12]} d5 {[%emt 0:01:17]} 2. exd5 {[%emt 0:00:13]} Qxd5 {
[%emt 0:00:05]} 3. Qf3 {[%emt 0:00:18]} Nf6 {[%emt 0:07:02]} 4. Qxd5 {[%emt 0:
00:35]} Nxd5 {[%emt 0:00:10]} 5. a3 {[%emt 0:02:09]} Bf5 {[%emt 0:02:23]} 6. d3
{[%emt 0:00:56]} Nc6 {[%emt 0:04:12]} 7. Nf3 {[%emt 0:00:28]} e5 {[%emt 0:03:
16]} 8. Bd2 {[%emt 0:03:55]} a6 {[%emt 0:16:55]} 9. Nc3 {[%emt 0:03:23]} Nb6 {
[%emt 0:02:09]} 10. Be3 {[%emt 0:01:00]} Nd7 {[%emt 0:02:38]} 11. Be2 {[%emt 0:
02:26]} f6 {[%emt 0:04:06]} 12. h3 {[%emt 0:01:37]} Bc5 {[%emt 0:03:56]} 13.
Bxc5 {[%emt 0:07:02]} Nxc5 {[%emt 0:00:15]} 14. Nd5 {[%emt 0:01:22]} O-O-O {
[%emt 0:02:11]} 15. Nc3 {[%emt 0:02:16]} Nd4 {[%emt 0:10:36]} 16. Bd1 {[%emt 0:
02:30]} g5 {[%emt 0:03:12]} 17. b4 {[%emt 0:03:32]} Nce6 {[%emt 0:01:03]} 18.
Nxd4 {[%emt 0:01:35]} Nxd4 {[%emt 0:05:22]} 19. Ne2 {[%emt 0:04:33]} h5 {
[%emt 0:03:01]} 20. Nxd4 {[%emt 0:02:15]} Rxd4 {[%emt 0:00:24]} 21. Be2 {
[%emt 0:02:31]} Bg6 {[%emt 0:03:34]} 22. Rd1 {[%emt 0:01:23]} Rhd8 {[%emt 0:01:
50]} 23. O-O {[%emt 0:01:03]} R4d6 {[%emt 0:01:03]} 24. g3 {[%emt 0:01:52]} Rd4
{[%emt 0:04:06]} 25. Rb1 {[%emt 0:03:46]} h4 {[%emt 0:02:32]} 26. Kh2 {[%emt 0:
01:34]} e4 {[%emt 0:03:18]} 27. dxe4 {[%emt 0:04:11]} Bxe4 {[%emt 0:00:40]} 28.
Rbc1 {[%emt 0:04:38]} hxg3+ {[%emt 0:01:55]} 29. Kxg3 {[%emt 0:00:24]} Rd2 {
[%emt 0:00:34]} 30. Bd1 {[%emt 0:02:19]} f5 {[%emt 0:01:08]} 31. f3 {[%emt 0:
05:14]} Bc6 {[%emt 0:00:42]} 32. Rg1 {[%emt 0:02:03]} R8d4 {[%emt 0:02:25]} 33.
Rf1 {[%emt 0:03:49]} f4+ {[%emt 0:02:23]} 34. Kg4 {[%emt 0:00:16]} Rg2+ {
[%emt 0:00:22]} 35. Kf5 {[%emt 0:00:43]} Bd7+ {[%emt 0:00:47]} 36. Ke5 {
[%emt 0:00:28]} Rgd2 {[%emt 0:06:28]} 37. c4 {[%emt 0:00:51]} Rd6 {[%emt 0:00:
00]} 38. Bc2 {[%emt 0:06:27]} Re6+ {[%emt 0:00:00]} 39. Kf5 {[%emt 0:00:12]}
Ree2+ {[%emt 0:00:00]} 40. Kxg5 {[%emt 0:00:55]} Rxc2 {[%emt 0:00:00]} 41. Kxf4
{[%emt 0:30:37]} Bxh3 {[%emt 0:28:09]} 0-1

[Event "FIN-ch Seniors 2019"]
[Site "Helsinki"]
[Date "2019.06.14"]
[Round "5.8"]
[White "Gronroos, Matti"]
[Black "Kangas, Mauno"]
[Result "1-0"]
[WhiteElo "1931"]
[BlackElo "1831"]
[Annotator "NA"]
[PlyCount "71"]
[EventDate "2019.06.10"]
[EventType "swiss"]
[EventCountry "FIN"]
[SourceTitle "playchess.com"]
[Source "ChessBase"]
[SourceQuality "1"]
[TimeControl "40/5400+30:1800+30"]

1. e4 {[%emt 1:30:30]} d6 {[%emt 1:30:30]} 2. d4 {[%emt 0:00:30]} Nf6 {[%emt 0:
00:30]} 3. Nc3 {[%emt 0:00:30]} g6 {[%emt 0:00:30]} 4. Bf4 {[%emt 0:00:30]} Bg7
{[%emt 0:00:30]} 5. Qd2 {[%emt 0:00:30]} O-O {[%emt 0:00:30]} 6. O-O-O {
[%emt 0:00:30]} c6 {[%emt 0:00:30]} 7. f3 {[%emt 0:00:30]} Qa5 {[%emt 0:00:30]}
8. Kb1 {[%emt 0:00:30]} Be6 {[%emt 0:00:30]} 9. Nd5 {[%emt 0:00:30]} Qd8 {
[%emt 0:00:30]} 10. Nxf6+ {[%emt 0:00:30]} Bxf6 {[%emt 0:00:30]} 11. Bh6 {
[%emt 0:00:30]} Re8 {[%emt 0:00:30]} 12. h4 {[%emt 0:00:30]} b5 {[%emt 0:00:30]
} 13. h5 {[%emt 0:00:30]} a5 {[%emt 0:00:30]} 14. d5 {[%emt 0:00:30]} Bd7 {
[%emt 0:00:30]} 15. hxg6 {[%emt 0:00:30]} fxg6 {[%emt 0:00:30]} 16. Ne2 {
[%emt 0:00:30]} Na6 {[%emt 0:00:30]} 17. Nd4 {[%emt 0:00:30]} cxd5 {[%emt 0:00:
30]} 18. exd5 {[%emt 0:00:30]} Qb6 {[%emt 0:00:30]} 19. Be3 {[%emt 0:00:30]}
Qb7 {[%emt 0:00:30]} 20. Ne2 {[%emt 0:00:30]} Nc5 {[%emt 0:00:30]} 21. Bxc5 {
[%emt 0:00:30]} dxc5 {[%emt 0:00:30]} 22. Qh6 {[%emt 0:00:30]} Bg7 {[%emt 0:00:
30]} 23. Qxh7+ {[%emt 0:00:30]} Kf7 {[%emt 0:00:30]} 24. Nf4 {[%emt 0:00:30]}
Ra6 {[%emt 0:00:30]} 25. Qh2 {[%emt 0:00:30]} Rh8 {[%emt 0:00:30]} 26. Nh3 {
[%emt 0:00:30]} Kf8 {[%emt 0:00:30]} 27. Qg3 {[%emt 0:00:30]} Rd6 {[%emt 0:00:
30]} 28. Qf4+ {[%emt 0:00:30]} Bf6 {[%emt 0:00:30]} 29. Qd2 {[%emt 0:00:30]} c4
{[%emt 0:00:30]} 30. Be2 {[%emt 0:00:30]} Rh5 {[%emt 0:00:30]} 31. Nf4 {
[%emt 0:00:30]} Bg5 {[%emt 0:00:30]} 32. Rxh5 {[%emt 0:00:30]} gxh5 {[%emt 0:
00:30]} 33. Qd4 {[%emt 0:00:30]} e5 {[%emt 0:00:30]} 34. Qxe5 {[%emt 0:00:30]}
Bxf4 {[%emt 0:00:30]} 35. Qxf4+ {[%emt 0:00:30]} Ke7 {[%emt 0:00:30]} 36. Qe5+
{[%emt 0:00:30]} 1-0